| 000 | 00625nam a2200181 i 4500 | ||
|---|---|---|---|
| 001 | 105996 | ||
| 003 | ES-MaACL | ||
| 007 | t| | ||
| 008 | 060919s1966 fr ||||1| fre d | ||
| 080 | _a331.105.44(73) | ||
| 100 | 1 |
_aLime, Maurice. _972314 |
|
| 245 | 1 | 4 |
_aLes syndicats americains dans un tournant _b: etude critique du rapport de Robert Kennedy devant la Commission Senatoriale / _cMaurice Lime. |
| 260 |
_aParis : _bLes Editions Syndicalistes, _c[1966] |
||
| 300 |
_a76 p. ; _c19 cm. |
||
| 500 | _aBiblioteca Juan Andrade. | ||
| 650 | 1 | 4 |
_aSindicatos- _zEstados Unidos. _917121 |
| 852 |
_aES-MaACL _jAND-745 _bR.110041 |
||
| 999 |
_c105996 _d105996 |
||